1106 1124 1613 1845 1618 1289 1670 1294 1850 1192 1143 1808 1206 1411 1679 1227 1614 1815 1412 1007 1104 1898 1520 1574 1435 1017 1633 1906 1046 1616 1664 1511 1194 1504 1985 1637 1809 1864 1728 1699 1204 1741 1541 1677 1962 1313 1136 1904 1150 1937 1920 1225 1109 1057 1527 1999 1472 1568 1384 1601 1537 1973 1739 1003 1284 1024 1515 1933 1338 1460 1747 1596 1198 1232 1408 1930 1747 1619 1778 1375 1563 1266 1649 1702 1188 1853 1622 1153 1613 1403 1218 1967 1233 1450 1208 1074 1225 1850 1538 BCNSPRNW ULIB Ver.6.0+V

เปลี่ยนเป็นภาษาไทย

Change to English
 แสดงรายละเอียดบรรณานุกรม
  กลับหน้าหลัก

Brief Record : Get Marc (ISO 2709) : E-mail record : QR code < ปิดหน้าต่าง
LEADER : 00000nam 2200000uu 4500
001    13399114657
003     ULIB
008    120427s2552||||th 000 0 tha d
020    ^a9786165020060
090    ^aนว.^bก831ค
100 0  ^aเก้าแต้ม
245 00 ^aคิมหันต์มายา/^cเก้าแต้ม
250    ^aพิมพ์ครั้งที่ 2
260    ^aกรุงเทพฯ :^bสถาพรบุ๊คส์,^c2552
300    ^a354 หน้า
945    ^p240^l0^i16428
995    ^aกัณชพร
999    ^aใช้งานได้ทุกระบบ
รายการนี้ยังไม่มีแท็ก
คุณยังไม่ได้ล็อกอิน คุณสามารถมีกิจกรรมร่วมกับเว็บไซต์ได้ แต่ต้องล็อกอินก่อน ::
  ล็อกอิน

รายการสื่อสารสนเทศ

ลำดับที่ ประเภท เลขเรียก/บาร์โค้ด สถานที่ สถานะ
1. นวนิยาย
นวนิยาย
นว. ก831ค  
  Barcode: 16428
ห้องสมุดวิทยาเขตสวรรค์ประชารักษ์
►นวนิยาย
บนชั้น
  ขอยืม

รายการใกล้เคียง
    ผู้แต่ง [เก้าแต้ม]

BibComment


ยังไม่เคยถูกคอมเมนท์

คอมเมนท์ทรัพยากรรายการนี้
  คอมเมนท์: คิมหันต์มายา เก้..


 Copyright 2026. Bcnsprnw @Library